[Event "Schleswig Holstein-ch Meister"]
[Site "Buesum"]
[Date "2010.03.31"]
[Round "6.4"]
[White "Krueger, Wolfgang"]
[Black "Hertel, Peter"]
[Result "1/2-1/2"]
[WhiteElo "2178"]
[BlackElo "2227"]
[PlyCount "25"]
[EventDate "2010.03.27"]
[EventType "swiss"]
[EventRounds "9"]
[EventCountry "GER"]
[SourceTitle "EXT 2022"]
[Source "ChessBase"]
[SourceDate "2021.10.06"]
[SourceVersion "1"]
[SourceVersionDate "2021.10.06"]
[SourceQuality "1"]

1. e4 c5 2. Nf3 Nc6 3. Bb5 e6 4. Bxc6 bxc6 5. 0-0 Ne7 6. b3 d6 7. d3 e5 8. h3 Ng6 9. Nc3 Be7 10. Ne2 0-0 11. g4 Nh4 12. Nxh4 Bxh4 13. f4 1/2-1/2

[Event "Schwarzach op"]
[Site "Schwarzach"]
[Date "2005.08.??"]
[Round "5"]
[White "Hertel, Peter"]
[Black "Cucinella, Vincenzo"]
[Result "1-0"]
[WhiteElo "2245"]
[BlackElo "2142"]
[PlyCount "141"]
[EventDate "2005.08.??"]
[EventType "swiss"]
[EventRounds "9"]
[EventCountry "AUT"]
[SourceTitle "EXT 2007"]
[Source "ChessBase"]
[SourceDate "2006.11.23"]
[SourceVersion "1"]
[SourceVersionDate "2006.11.23"]
[SourceQuality "1"]

1. d4 Nf6 2. c4 g6 3. Nc3 Bg7 4. e4 d6 5. f3 0-0 6. Bg5 a6 7. Qd2 c5 8. d5 b5 9. cxb5 Nbd7 10. Nh3 axb5 11. Bxb5 Ba6 12. Bxa6 Rxa6 13. 0-0 Qb6 14. Nf2 Rb8 15. Rab1 Qb7 16. b3 Nb6 17. Rfc1 Ne8 18. Nfd1 e6 19. Ne3 Bd4 20. Kh1 Nd7 21. Nc4 Ne5 22. Be3 Bxc3 23. Rxc3 Nxc4 24. Rxc4 exd5 25. exd5 Rba8 26. Rc2 Nf6 27. Rd1 Re8 28. Rc3 Rea8 29. a4 Rb6 30. Bg5 Nd7 31. Qe3 Ne5 32. f4 Nd7 33. h3 Rb8 34. Rdd3 Rb4 35. Qe7 c4 36. bxc4 Rb1+ 37. Kh2 Nc5 38. Re3 Qxe7 39. Bxe7 R1b6 40. Ra3 Kg7 41. a5 Ra6 42. Bh4 Rb4 43. Rec3 f5 44. Bf2 Ne4 45. Bd4+ Kh6 46. Rc1 g5 47. fxg5+ Kxg5 48. g3 h5 49. Rc2 Kg6 50. Kg2 Rb7 51. Kf3 Ng5+ 52. Kg2 Ne4 53. Re2 Rb4 54. g4 hxg4 55. hxg4 Ng5 56. gxf5+ Kxf5 57. Rf2+ Ke4 58. Be3 Rxc4 59. Bxg5 Kxd5 60. Bd8 Rg4+ 61. Kf3 Rg8 62. Bb6 Rf8+ 63. Ke3 Rxf2 64. Kxf2 Kc4 65. Ra1 Kb5 66. Rb1+ Kc6 67. Rc1+ Kd7 68. Rc7+ Ke6 69. Rc8 Kd7 70. Rb8 Kc6 71. Ke3 1-0

[Event "Schwarzach op"]
[Site "Schwarzach"]
[Date "2005.08.??"]
[Round "9"]
[White "Hertel, Peter"]
[Black "Kaczmarczyk, Dennis"]
[Result "1/2-1/2"]
[WhiteElo "2245"]
[BlackElo "2077"]
[PlyCount "51"]
[EventDate "2005.08.??"]
[EventType "swiss"]
[EventRounds "9"]
[EventCountry "AUT"]
[SourceTitle "EXT 2007"]
[Source "ChessBase"]
[SourceDate "2006.11.23"]
[SourceVersion "1"]
[SourceVersionDate "2006.11.23"]
[SourceQuality "1"]

1. e4 e6 2. d4 d5 3. Nd2 Nf6 4. e5 Nfd7 5. c3 c5 6. f4 Nc6 7. Ndf3 Qb6 8. g3 cxd4 9. cxd4 Bb4+ 10. Kf2 g5 11. Nxg5 Qxd4+ 12. Qxd4 Nxd4 13. Bd3 f6 14. exf6 Nxf6 15. h3 0-0 16. N5f3 Nf5 17. Ne2 b6 18. Bxf5 exf5 19. Be3 Re8 20. Ne5 Ne4+ 21. Kg2 Bd6 22. Bd4 Ba6 23. Nc3 Nxc3 24. bxc3 Bxe5 25. fxe5 Bd3 26. Rhd1 1/2-1/2

[Event "Schwarzach op"]
[Site "Schwarzach"]
[Date "2005.08.??"]
[Round "6"]
[White "Lendwai, Reinhard"]
[Black "Hertel, Peter"]
[Result "1-0"]
[WhiteElo "2435"]
[BlackElo "2245"]
[PlyCount "81"]
[EventDate "2005.08.??"]
[EventType "swiss"]
[EventRounds "9"]
[EventCountry "AUT"]
[SourceTitle "EXT 2007"]
[Source "ChessBase"]
[SourceDate "2006.11.23"]
[SourceVersion "1"]
[SourceVersionDate "2006.11.23"]
[SourceQuality "1"]

1. e4 c5 2. Nc3 Nc6 3. Nge2 Nf6 4. d4 cxd4 5. Nxd4 d6 6. Bg5 e6 7. Qd2 Be7 8. 0-0-0 a6 9. h4 Bd7 10. f3 Qc7 11. Kb1 0-0-0 12. Be3 Na5 13. Nb3 Nxb3 14. axb3 Bc6 15. Qf2 Nd7 16. Be2 Kb8 17. Rd2 Rc8 18. Rhd1 h6 19. h5 Qa5 20. g4 Ka8 21. Rd4 Qc7 22. R4d2 Rhe8 23. Bf1 b5 24. Ne2 Bb7 25. Nd4 Qa5 26. c3 b4 27. cxb4 Qxb4 28. Nc2 Qa5 29. Rd4 Bc6 30. b4 Qb6 31. R4d3 Qb7 32. Ra3 Nb8 33. Nd4 d5 34. Nxc6 Rxc6 35. exd5 exd5 36. Rxd5 Re6 37. Bc4 Bxb4 38. Rb3 Re5 39. Rxe5 Rxe5 40. Bd4 Re1+ 41. Qxe1 1-0

[Event "Seefeld op 15th"]
[Site "Seefeld"]
[Date "2004.09.24"]
[Round "7"]
[White "Hertel, Peter"]
[Black "Straub, Peter"]
[Result "1/2-1/2"]
[WhiteElo "2267"]
[BlackElo "2117"]
[PlyCount "82"]
[EventDate "2004.09.18"]
[EventType "swiss"]
[EventRounds "9"]
[EventCountry "AUT"]
[SourceTitle "EXT 2005"]
[Source "ChessBase"]
[SourceDate "2004.11.15"]
[SourceVersion "1"]
[SourceVersionDate "2004.11.15"]
[SourceQuality "1"]

1. e4 c5 2. Nf3 e6 3. d4 cxd4 4. Nxd4 Bc5 5. Nb3 Be7 6. Nc3 d6 7. Be2 Nf6 8. 0-0 a6 9. f4 Nc6 10. Bf3 Qc7 11. a4 b6 12. Be3 Bb7 13. Qe2 0-0 14. Rfd1 Rfd8 15. Qc4 Rac8 16. f5 d5 17. exd5 exd5 18. Nxd5 Nxd5 19. Bxd5 Bd6 20. Qh4 Re8 21. Bf2 Be5 22. c3 Ne7 23. Bxb7 Qxb7 24. Qg4 Qc6 25. Bd4 Qf6 26. Bxe5 Qxe5 27. Nd4 Qe3+ 28. Kh1 Nd5 29. Rf1 Re4 30. Qf3 Rce8 31. Qxe3 Rxe3 32. h3 Kf8 33. Rad1 Nf6 34. Rf3 Ne4 35. Kg1 Rxf3 36. gxf3 Nc5 37. b3 Re3 38. Rc1 Nd3 39. Rc2 Ne1 40. Re2 Rxe2 41. Nxe2 Nxf3+ 1/2-1/2